Revitalizácia vybraného územia v intraviláne

Enregistré dans:
Détails bibliographiques
Auteur principal: Štenko, Martin (Auteur)
Autres auteurs: Zaťovičová, Miriam (Directeur de thèse)
Format: Manuscrit Livre
Langue:slovaque
Publié: 2025
Sujets:
Accès en ligne:http://is.stuba.sk/zp/portal_zp.pl?podrobnosti=179407
CRZP
Tags: Ajouter un tag
Pas de tags, Soyez le premier à ajouter un tag!

MARC

LEADER 00000ntm a22000003a 4500
001 stuzp104972
003 SK-STU
005 20250801111314.7
007 ta
008 150427s2015----xo-----f-mn---000-0-slo-d
040 |a STU  |b slo 
041 0 |a slo 
100 1 |a Štenko, Martin  |u 010160  |4 aut  |U SvF Stavebná fakulta  |T SvF Katedra vodného hospodárstva krajiny  |X 123049  |U V160  |Y 16  |7 123049 
242 0 1 |a The revitalisation of selected site within the urban area  |y eng 
245 1 0 |a Revitalizácia vybraného územia v intraviláne 
260 |c 2025 
650 4 |a Revitalizácia  |2 slo 
650 4 |a Mikroklíma  |2 slo 
650 4 |a Klimatická zmena  |2 slo 
650 4 |a Biodiverzita  |2 slo 
650 4 |a Modro-zelená infraštruktúra  |2 slo 
650 4 |a Revitalization  |2 eng 
650 4 |a Microclimate  |2 eng 
650 4 |a Climate Change  |2 eng 
650 4 |a Biodiversity  |2 eng 
650 4 |a Blue-Green Infrastructure  |2 eng 
700 1 |a Zaťovičová, Miriam  |u 010160  |k Z3  |4 ths  |U SvF Stavebná fakulta  |T SvF Katedra vodného hospodárstva krajiny  |X 82407  |U V160  |Y 16  |7 82407 
856 4 |u http://is.stuba.sk/zp/portal_zp.pl?podrobnosti=179407 
856 4 |u https://opac.crzp.sk/?fn=detailBiblioForm&sid=4013D2F8FE5692F459CD2C4F6B33  |z CRZP